000
00302nam a2200121 a 4500
008
100924s1988|||| d
245
1
0
_a
Penzión pro svobodné dámy
100
1
_a
Frais, Josef
260
_b
Československý spisovateľ
_a
Praha
_c
1988
020
_c
19
044
_a
xo
_c
SK
041
_a
slo
999
_c
10679
_d
10679